000 00244nam a22000977a 4500
999 _c11489
_d11489
008 190529b ||||| |||| 00| 0 eng d
020 _a9780241979969
100 _aRees laurence
_97207
245 _aThe holocaust
260 _aUK
_bPenguin Books
_c2017